| 000 | 00852nam a22002417a 4500 | ||
|---|---|---|---|
| 003 | UA-OsUOA | ||
| 001 | 69322 | ||
| 007 | ta | ||
| 008 | 20100616b un ||||| |||| 00| 0 ukr d | ||
| 100 | _aЛихова С. Я. | ||
| 090 |
_a343.23:342.7(477) _bЛ65 |
||
| 942 | _cBK | ||
| 040 |
_aUA-OsUOA _bukr _cUA-OsUOA _dUA-OsUOA |
||
| 245 |
_aЗлочини у сфері реалізації громадянських, політичних та соціальних прав і свобод людини і громадянина _b(розділ V Особливої частини КК України) |
||
| 300 | _a573 с. | ||
| 955 | _a2 | ||
| 041 | _aukr | ||
| 080 | _a343.23:342.7(477) | ||
| 020 | _a966-594-824-5 | ||
| 260 |
_aК. _c2006 |
||
| 650 | 7 |
_a343 Кримінальне право. Карні порушення _2UDC |
|
| 999 |
_c355565 _d355565 |
||